000 00939nam a22002417a 4500
005 20240530110523.0
008 160222s2013 ua a g b 000 0 ara d
017 _a1433/7836
_bمصر . دار الكتب المصرية
020 _a9786030107889
040 _aEG-CaGPL
082 0 4 _221
_a370.113\
_bح ت
100 0 _aحسن على حسن شريف .
245 1 2 _aالتدريب عبر الشبكات لاخصائى مراكز مصادر التعلم فى ضوء مدخل النظم /
_cتاليف حسن على حسن شريف .
250 _aط1.
260 _aالقاهرة :
_bعالم الكتب ،
_c2013 .
300 _a303 ص ؛
_c24 سم .
504 _aببليوجرافية : ص 279 - 300
650 0 4 _aتكنولوجيا التعليم .
650 0 4 _aالتعليم الالكترونى .
650 0 4 _aالتدريب المهنى .
942 _2ddc
_cBK
999 _c61933
_d61933